000 00753nam a2200289Ia 4500
005 20260324141734.0
008 008 260324s9999 xx 000 0 eng d
020 _a9781315481814
037 _aEBOOK
040 _aCRL
040 _beng
040 _cCRL
041 _2eng
041 _aeng
084 _qCRL
100 _aSaul Estrin; Inderjit Singh; Alan Gelb; Joseph C. Brada
_91209333
245 0 _aRestructuring and Privatization in Central Eastern Europe
245 0 _bCase Studies of Firms in Transition
260 _bTaylor and Francis
260 _c1996
365 _a
365 _b280
856 _uhttp://www.taylorfrancis.com/books/9781315481814
942 _cEBOOK
999 _c1812731
_d1812731